Регионална библиотека "Любен Каравелов" - Русе

Вълшебната шапка (Запис номер 148812)

MARC детайли
000 -Лидер
Контролно поле с фиксирана дължина 01577nam a2200337 a 4500
003 - Код на организацията, давaща контролен номер
Контролно поле BLK
005 - Дата и час на последна редакция
Контролно поле 20230915005204.0
008 - Елементи от данни с фиксирана дължина
fixed length control field 180410b bul|||||r ||||||| ||bul||
010 ## - Наследен системен номер
LC control number KNG00155040000
040 ## - Източник на каталожния запис
Идентификатор на билиотеката - собственик на записа BLK
041 ## - Код за език
Код за езика на текст/звукозапис или на отделно заглавие Български
Код за езика КДБФ Български
080 ## - УДК
Текстов определител УДК Приспособления за изработване на снимките
УДК код - определител по УДК 771.4
УДК определител -93-32
УДК - код + определител 771.4-93-32
100 1# - Редна дума - Автор
Автор Тухтабаев, Худайберди
Авторска отговорност първи автор
R(LIN) 131866
139 ## - Редно поле
Редна дума Тухтабаев, Худайберди
Авторски знак Турл - Т 93
245 10 - Сведения за заглавието
Заглавие Вълшебната шапка
Подзаглавни данни Повест-приказка за нач. училищна възраст
Редно поле (дума) Худайберди Тухтабаев; прев. от рус. Емилия Гергова; ил. Маглена Иванова Константинова.
257 ## - Страна на издаване
Страна на създаване/издаване Узбекистан
260 ## - Област на издателските данни
Място на издаване, разпространение и проч. София
Име на издателя, разпространителя и проч. Нар. младеж
Година на издаване 1977
300 ## - Физическа характеристика
Страници 192 с.
Илюстрации и др. с ил.
Размери/Мащаб 20 см
380 ## - Жанр
Жанр Детска худож. лит.
500 ## - Общи забележки
Забележка Ориг. загл. Волшебная шапка / Х. Тухтабаев. - 5 137 тир.
700 1# - Други автори (авторска отговорност)
Лично име Гергова, Емилия
Автороска отговорност (Описва отношението между автора и произведението) прев. от рус.
9 (RLIN) 315060
700 ## - Други автори (авторска отговорност)
Лично име Константинова, Маглена Иванова
Автороска отговорност (Описва отношението между автора и произведението) ил.
9 (RLIN) 247827
852 ## - Местоположение
Форматна сигнатура Цб 265802
856 4# - Електронен адрес и достъп
Електронен формат pdf - файл
Инструкция (цена за достъп) 0.56
Права за достъп disable
856 4# - Електронен адрес и достъп
Електронен формат pdf - файл
Инструкция (цена за достъп) 0.56
Права за достъп disable
999 ## - СИСТЕМНИ КОНТРОЛНИ НОМЕРА
Koha biblionumber 148812
Koha biblioitemnumber 148812
942 ## - АРТИКУЛИ
Вид на библиотечния материал Книги
Скрит в OPAC Не
Периодичен библиозапис Да
944 ## - СЪЗДАВАНЕ И РЕДАКЦИЯ на ЗАПИСА
Създаване/Редакция Създаване
Дата на регистрацията/редакция 27.12.2013
Статус, дата на статуса CRON CRON
Служител, извършил регистрацията/редакцията
944 ## - СЪЗДАВАНЕ И РЕДАКЦИЯ на ЗАПИСА
Създаване/Редакция Редакция
Дата на регистрацията/редакция 19.09.2017
Статус, дата на статуса 27.12.2013 - от С1,Р / 27.12.2013
Служител, извършил регистрацията/редакцията Севдалина_Василева
999 ## - СИСТЕМНИ КОНТРОЛНИ НОМЕРА
Koha biblioitemnumber 148812
999 ## - СИСТЕМНИ КОНТРОЛНИ НОМЕРА
Koha biblioitemnumber 148812
Наличности
Код за отписване Код за изгубен артикул Източник на класификационната схема Код за повреда Коз за рестрикции Код за отдаване Артикулен № Име на библиотеката - собственик Име на библиотеката, в която се намира в момента Статус (Текущо местоположение) Дата на вписване в системата Местоположение - отдел Цена в лева Инвентарен номер Систематично азбучна сигнатура Баркод Номер на екземпляра Цена в евро Служебна бележка Служебен тип на артикула Бележка за публиката
  Не е изгубен Universal Decimal Classification Не е повреден без рестрикции ползва се в читалня 248037 Регионална библиотека "Любен Каравелов" Русе Регионална библиотека "Любен Каравелов" Русе Хранилище 1977-01-01 Хранилище 0.56 230256 Цб 265802 120000230256 1 0.29 N: стар фонд Дата: 01.01.1977 Книги  
Изтеглен Не е изгубен   Не е повреден без рестрикции заемане за дома 248038 Регионална библиотека "Любен Каравелов" Русе Регионална библиотека "Любен Каравелов" Русе   1977-01-01 Детски отдел 0.56 229387 ДХ 820/899/Т 93 229387 2 0.29 N: стар фонд Дата: 01.01.1977 Дата инв: 16.10.2015 Бележки инв: Д2015 Книги Отч.N: 33/2017 , Дата: 04.09.2017
Vip Innovations Ltd, Rousse, Bulgaria 2025